000 02470nam a22003137a 4500
999 _c60619
_d60619
003 Ge_BSU
005 20230922110907.0
008 230922s2019 ge ||||| |||| 00| 0 geo d
020 _a9789941809675
041 _ageo
080 _a821.353.1.09-91-34 ა-94
100 _aგოგიაშვილი, ელენე
_919881
245 _aაღმოსავლეთი და დასავლეთი ქართულ ხალხურ ზღაპრებში :
_bზეპირი და ლიტერატურული ტრადიციები /
_c ავტორები: ელენე გოგიაშვილი (მთ. რედაქტორი), დარეჯან გარდავაძე, ანდრო გოგოლაძე, ნინო ქავთარაძე, თეა თათეშვილი ; ივანე ჯავახიშვილის სახელობის თბილისის სახელმწიფო უნივერსიტეტი.
264 _aთბილისი,
_c2019.
300 _a368 გვ. :
_bილ. ;
_c23 სმ.
500 _aპროექტი განხორციელდა შოთა რუსთაველის საქართველოს ეროვნული სამეცნიერო ფონდის ხელშეწყობით.
501 _aსაძიებლები: გვ. 360-368.
504 _aბიბლიოგრაფია: გვ. 342-358.
520 _aრეზიუმე ინგლ. ენაზე.
653 _aლიტერატურის ისტორია და კრიტიკა
653 _aქართული ხალხური ზღაპრები.
653 _aფოლკლორულ-ლიტერატურული სიუჟეტები.
700 _aგარდავაძე, დარეჯან
_eავტორი.
_919882
700 _aგოგოლაძე, ანდრო
_eავტორი
_919883
700 _aქავთარაძე, ნინო
_eავტორი
_919884
700 _aთათეშვილი, თეა
_eავტორი.
_919885
710 _aივანე ჯავახიშვილის სახელობის თბილისის სახელმწიფო უნივერსიტეტი.
_919886
942 _2udc
_cBK